| 000 | 00957nas a2200301 4500 | ||
|---|---|---|---|
| 001 | BR2011003129 | ||
| 003 | BR-BrBNA | ||
| 005 | 20231205115331.0 | ||
| 007 | ta | ||
| 008 | 230509b bl.|||p| |||| 00| 00por d | ||
| 040 |
_aBR-BrBNA _bpor _cBiblioteca Nacional de Agricultura |
||
| 041 | _a(Pt) | ||
| 072 | _aL73 | ||
| 100 | 1 | _aMorengoni, N.G. | |
| 100 | 1 | _aSantos, R.S. | |
| 100 | 1 | _aGonçalves Júnior, A.C. | |
| 100 | 1 | _aGino, D.M. | |
| 100 | 1 | _aZerbinatti, D.C.P. | |
| 100 | 1 | _aLima, F.S. | |
| 245 | 1 | _aMonogenoidea (Dactylogyridae)em tilápia-do-nilo cultivadas sob diferentes densidades de estocagem em tanques-rede | |
| 650 | _aTILÁPIA NILÓTICA | ||
| 650 | _aINFECÇÃO | ||
| 650 | _aESTOCAGEM | ||
| 650 | _aTANQUE | ||
| 773 | 0 |
_tArquivo Brasileiro de Medicina Veterinária e Zootecnia (Brazil) _xISSN 0102-0935 _g(Apr 2009), v. 61(2) p. 393-400 _wBR2011003129 |
|
| 909 |
_a202311 _bLúcia _c55 _dLúcia Elande |
||
| 942 |
_2AGRIS _n0 _cANA |
||
| 999 |
_c213273 _d213273 |
||